000 00482nam a2200193Ia 4500
005 20240823052614.0
008 240823s9999||||xx |||||||||||||| ||und||
020 _a978-81-8209-140-5
041 _aENGLISH
082 _A621.4021 P9
100 _aValan Arasu A
245 0 _aEngineering Thermodynamics
250 _a1st
260 _c2009
_bVijay Nicole Imprints Private Li
500 _aTRANSFERED
650 _aThermodynamics
_bMechanical
942 _cBK
999 _c222260
_d222260